Study on asian wild pig conservation at phnom tamao zoological park and wildlife rescue center; ការសិក្សាពីការអភិរក្សសត្វព្រៃនៅក្នុងឧទ្យាសួនសត្វ និងមជ្ឈមណ្ឌលសង្គ្រោះសត្វព្រៃ ភ្នំពេញ (Record no. 11025)

000 -LEADER
fixed length control field 00662nam a22001337a 4500
040 ## - CATALOGING SOURCE
Transcribing agency RUA
082 ## - DEWEY DECIMAL CLASSIFICATION NUMBER
Classification number FOR KHO 2015 B544 Or.1
100 ## - MAIN ENTRY--AUTHOR NAME
Personal name KHOT CHESDA; ឃុត​ ចេស្តា
245 ## - TITLE STATEMENT
Title Study on asian wild pig conservation at phnom tamao zoological park and wildlife rescue center; ការសិក្សាពីការអភិរក្សសត្វព្រៃនៅក្នុងឧទ្យាសួនសត្វ និងមជ្ឈមណ្ឌលសង្គ្រោះសត្វព្រៃ ភ្នំពេញ
260 ## - PUBLICATION, DISTRIBUTION, ETC. (IMPRINT)
Place of publication PHNOM PENH
Name of publisher KHO
Year of publication 2015
300 ## - PHYSICAL DESCRIPTION
Number of Pages x;38p.
Other physical details ill.
Dimensions 29cm.
856 ## - ELECTRONIC LOCATION AND ACCESS
Uniform Resource Identifier KHOT CHESDA
942 ## - ADDED ENTRY ELEMENTS (KOHA)
Koha item type FOR
952 ## - LOCATION AND ITEM INFORMATION (KOHA)
Withdrawn status [LOCAL, KOHA] 0
952 ## - LOCATION AND ITEM INFORMATION (KOHA)
Withdrawn status [LOCAL, KOHA] 0
952 ## - LOCATION AND ITEM INFORMATION (KOHA)
Withdrawn status [LOCAL, KOHA] 0
952 ## - LOCATION AND ITEM INFORMATION (KOHA)
Withdrawn status [LOCAL, KOHA] 0
952 ## - LOCATION AND ITEM INFORMATION (KOHA)
Withdrawn status [LOCAL, KOHA] 0
952 ## - LOCATION AND ITEM INFORMATION (KOHA)
Withdrawn status [LOCAL, KOHA] 0
952 ## - LOCATION AND ITEM INFORMATION (KOHA)
Withdrawn status [LOCAL, KOHA] 0
952 ## - LOCATION AND ITEM INFORMATION (KOHA)
Withdrawn status [LOCAL, KOHA] 0
Holdings
Permanent Location Date acquired Koha item type Lost status Shelving location Barcode Current Location Full call number
Library Block B2016-11-30FOR B544A05517Library Block BFOR KHO 2015 B544 Or.1
Library Block B2016-11-30FOR B544A05620Library Block BFOR KHO 2015 B544 Or.2
Library Block B2016-11-30FOR B544A05492Library Block BFOR KHO 2015 B544 Or.3
Library Block B2016-11-30FOR B544A05394Library Block BFOR KHO 2015 B544 Or.4
Library Block B2016-11-30FOR B544A05613Library Block BFOR KHO 2015 B544 Or.5
Library Block B2016-11-30FOR B544A05612Library Block BFOR KHO 2015 B544 Or.6
Library Block B2016-11-30FOR B544A05440Library Block BFOR KHO 2015 B544 Or.7
Library Block B2016-11-30FOR B544A05623Library Block BFOR KHO 2015 B544 Or.8
មជ្ឈមណ្ឌលឯការនៃសាកលវិទ្យាល័យភូមិន្ទកសិកម្មចំការដូង

Powered by Koha